000 00234nam a2200097Ia 4500
001 725664
005 20250826163414.0
008 250824s9999 xx 000 0 und d
245 0 _aTEPKİ
_cSTEPHEN KING
260 _bALTIN KİTAP YAYINLARI
999 _c725664
_d725664